[Event "Open Portugal 2019"]
[Site "Lisboa POR"]
[Date "2019.02.02"]
[Round "1.1"]
[White "Motylev, Alexander"]
[Black "Bub, Volker"]
[Result "1-0"]
[WhiteElo "2644"]
[BlackElo "2030"]
[WhiteFideId "4121830"]
[BlackFideId "4618963"]
[WhiteTitle "GM"]
[WhiteCountry "RUS"]
[BlackCountry "GER"]
[PlyCount "63"]
[EventDate "2019.??.??"]

1. e4 c5 2. Nf3 a6 3. c4 Nc6 4. d4 cxd4 5. Nxd4 Nf6 6. Nc3 d6 7. Be2 e6 8. O-O
Be7 9. b3 O-O 10. Bb2 Bd7 11. Kh1 Qa5 12. f4 Rfd8 13. Nc2 Ne8 14. Qe1 Bf8 15.
Qh4 Ne7 16. f5 exf5 17. Ne3 Ng6 18. Qf2 f4 19. Ned5 Qc5 20. Qe1 Rac8 21. a4 a5
22. Nb5 Bxb5 23. axb5 Nc7 24. Bg4 Nxd5 25. Bxc8 Nb4 26. Bxb7 Qb6 27. Bd5 Nd3 28.
Qd2 Nxb2 29. Qxb2 Be7 30. Qf2 Qb8 31. Rxa5 Bf6 32. Ra8 1-0

[Event "Open Portugal 2019"]
[Site "Lisboa POR"]
[Date "2019.02.02"]
[Round "1.2"]
[White "Javet, Blaise"]
[Black "Iturrizaga, Eduardo"]
[Result "0-1"]
[WhiteElo "2027"]
[BlackElo "2640"]
[WhiteFideId "1305026"]
[BlackFideId "3901211"]
[BlackTitle "GM"]
[WhiteCountry "SUI"]
[BlackCountry "VEN"]
[PlyCount "60"]
[EventDate "2019.??.??"]

1. e4 c5 2. Nf3 e6 3. d4 cxd4 4. Nxd4 a6 5. Nc3 b5 6. a3 Bb7 7. Be2 d6 8. Bf3
Nd7 9. O-O Ngf6 10. Re1 Ne5 11. Be2 Rc8 12. f4 Nc4 13. Bf3 Be7 14. Kh1 O-O 15.
Qd3 Qc7 16. b3 Nb6 17. Bb2 Rfd8 18. Qe2 g6 19. Qf2 Qc5 20. b4 Qc7 21. Ndxb5 axb5
22. Nxb5 Qxc2 23. Qxb6 Bxe4 24. Re2 Qc4 25. Qd4 Bxf3 26. Qxc4 Bxg2+ 27. Kxg2
Rxc4 28. Kf3 Nd5 29. Nd4 Bf6 30. Rd1 Rdc8 0-1

[Event "Open Portugal 2019"]
[Site "Lisboa POR"]
[Date "2019.02.02"]
[Round "1.3"]
[White "Petrov, Nikita"]
[Black "Silva, Gonçalo"]
[Result "1-0"]
[WhiteElo "2585"]
[BlackElo "2027"]
[WhiteFideId "4101286"]
[BlackFideId "1915100"]
[WhiteTitle "GM"]
[WhiteCountry "RUS"]
[BlackCountry "POR"]
[PlyCount "71"]
[EventDate "2019.??.??"]

1. Nf3 Nf6 2. d4 g6 3. Bg5 Bg7 4. Nbd2 O-O 5. c3 d6 6. e4 Nbd7 7. Bc4 e5 8. O-O
Qe7 9. Re1 Rb8 10. a4 h6 11. Bh4 c6 12. Bb3 Rd8 13. a5 Nf8 14. Nc4 g5 15. Bg3
Ng6 16. Qc2 Nh5 17. Ne3 Nxg3 18. fxg3 g4 19. Nf5 Qf6 20. Nd2 exd4 21. Rf1 Nh8
22. e5 Qxe5 23. Nxg7 Kxg7 24. Rae1 Qg5 25. Ne4 Bf5 26. Qf2 Bxe4 27. Rxe4 c5 28.
cxd4 Re8 29. Rf4 Re7 30. h4 gxh3 31. gxh3 h5 32. h4 Qh6 33. g4 hxg4 34. Rxg4+
Kf8 35. Qg2 Qh7 36. Bc2 1-0

[Event "Open Portugal 2019"]
[Site "Lisboa POR"]
[Date "2019.02.02"]
[Round "1.4"]
[White "Golecki, Jan"]
[Black "Bernardskiy, Vitaliy"]
[Result "0-1"]
[WhiteElo "2018"]
[BlackElo "2570"]
[WhiteFideId "1184008"]
[BlackFideId "14100371"]
[BlackTitle "GM"]
[WhiteCountry "POL"]
[BlackCountry "UKR"]
[PlyCount "172"]
[EventDate "2019.??.??"]

1. e4 c6 2. d4 d5 3. exd5 cxd5 4. Bd3 Nc6 5. c3 Qc7 6. h3 e6 7. Ne2 Bd6 8. O-O
Nge7 9. f4 O-O 10. Be3 Bd7 11. Nd2 Nf5 12. Bxf5 exf5 13. Nf3 f6 14. Qd2 Rae8 15.
Rfe1 Re4 16. g3 Na5 17. b3 Rfe8 18. Nc1 Rc8 19. Nd3 Qxc3 20. Rac1 Qxd2 21. Rxc8+
Bxc8 22. Bxd2 Rxe1+ 23. Nfxe1 Nc6 24. Nc2 b6 25. Ndb4 Ne7 26. Ne3 Be6 27. Kf2
Kf7 28. Nbc2 Bc7 29. Nd1 Nc8 30. Bb4 a5 31. Ba3 g5 32. Kf3 Bd6 33. Bc1 h6 34.
Nc3 Ke8 35. Ne3 Ne7 36. Nb5 Bb8 37. Ba3 Nc6 38. Nc2 Kd7 39. Ne3 Bc7 40. Nc2 Bd8
41. Nc3 Na7 42. Ne3 Kc6 43. Bf8 h5 44. h4 b5 45. a4 g4+ 46. Kf2 Bb6 47. Nc2 bxa4
48. bxa4 Nc8 49. Nb5 Bd8 50. Bc5 Bb6 51. Bf8 Bd7 52. Ke3 Bd8 53. Bc5 Be7 54.
Bxe7 Nxe7 55. Kd3 Nc8 56. Ne3 Nb6 57. Nc3 Kd6 58. Kc2 Bxa4+ 59. Nxa4 Nxa4 60.
Kb3 Nb6 61. Nxf5+ Ke6 62. Ng7+ Kf7 63. Nf5 Kg6 64. Ne7+ Kh7 65. Nf5 Nc4 66. Ka4
Kg6 67. Ne7+ Kf7 68. Nf5 Ke6 69. Ng7+ Ke7 70. Nf5+ Kd7 71. Kb5 Kc7 72. Ka4 Kc6
73. Ne7+ Kb7 74. Nf5 Kb6 75. Ng7 Ne3 76. Nxh5 Kc6 77. Nxf6 Kd6 78. Kxa5 Ke6 79.
Nxg4 Nxg4 80. Kb5 Kf5 81. Kc5 Ke4 82. h5 Nh6 83. f5 Nxf5 84. g4 Nxd4 85. Kd6 Nf3
86. h6 Ng5 0-1

[Event "Open Portugal 2019"]
[Site "Lisboa POR"]
[Date "2019.02.02"]
[Round "1.6"]
[White "Slovák, Pavel"]
[Black "David, Alberto"]
[Result "0-1"]
[WhiteElo "2010"]
[BlackElo "2560"]
[WhiteFideId "318493"]
[BlackFideId "4000013"]
[BlackTitle "GM"]
[WhiteCountry "CZE"]
[BlackCountry "ITA"]
[PlyCount "48"]
[EventDate "2019.??.??"]

1. e4 c5 2. Nf3 e6 3. d4 cxd4 4. Nxd4 a6 5. c4 Nf6 6. Nc3 Qc7 7. Be3 Bb4 8. Rc1
Nxe4 9. Qg4 Nxc3 10. bxc3 Bf8 11. Bd3 d6 12. Qg3 Nd7 13. f4 Nc5 14. Bb1 g6 15.
O-O Be7 16. f5 exf5 17. Rce1 Be6 18. Nxe6 fxe6 19. Bd4 e5 20. Rxe5 dxe5 21. Bxe5
Qb6 22. Qe3 O-O 23. Bd4 Rae8 24. Qf2 Qc6 0-1

[Event "Open Portugal 2019"]
[Site "Lisboa POR"]
[Date "2019.02.02"]
[Round "1.7"]
[White "Christiansen, Johan-Sebastian"]
[Black "Gkogkas, Dimitrios"]
[Result "0-1"]
[WhiteElo "2559"]
[BlackElo "2004"]
[WhiteFideId "1512668"]
[BlackFideId "4200462"]
[WhiteTitle "GM"]
[WhiteCountry "NOR"]
[BlackCountry "GRE"]
[PlyCount "118"]
[EventDate "2019.??.??"]

1. e4 c5 2. Nf3 g6 3. c3 d5 4. exd5 Qxd5 5. d4 Bg7 6. Na3 cxd4 7. Nb5 Qd8 8. Bf4
Na6 9. cxd4 Nf6 10. Nc3 O-O 11. Rc1 Nb4 12. Be2 Nbd5 13. Be5 Bd7 14. O-O Bc6 15.
Qd2 Rc8 16. Rfe1 a6 17. h3 b5 18. Bh2 Qb6 19. Ne5 Ba8 20. Bf1 Rfd8 21. Red1 Bb7
22. a3 Nxc3 23. bxc3 Bd5 24. Qb2 Qb7 25. Nd3 Nd7 26. Re1 e6 27. Rb1 Nb6 28. Nc5
Qa8 29. Bg3 Nd7 30. Nd3 Nb6 31. Rbc1 Nc4 32. Qe2 Nxa3 33. Bh4 Re8 34. Nc5 Bc4
35. Qb2 Bxf1 36. Rxf1 Nc4 37. Qa2 a5 38. Rfd1 Qc6 39. Rb1 a4 40. Nd3 e5 41. Nb4
Qe4 42. Bg3 exd4 43. cxd4 Bxd4 44. Na6 Qd5 45. Nc7 Rxc7 46. Bxc7 Qc5 47. Bg3 a3
48. Re1 Rxe1+ 49. Rxe1 b4 50. Qc2 Bc3 51. Re8+ Kg7 52. Qa4 Nb6 53. Qc2 Qd5 54.
Re2 Qc4 55. Bd6 b3 56. Qc1 a2 57. Qg5 a1=Q+ 58. Kh2 Qxe2 59. Qd8 Be5+ 0-1

[Event "Open Portugal 2019"]
[Site "Lisboa POR"]
[Date "2019.02.02"]
[Round "1.8"]
[White "Sismeiro, Miguel"]
[Black "Kadric, Denis"]
[Result "0-1"]
[WhiteElo "1997"]
[BlackElo "2545"]
[WhiteFideId "1950975"]
[BlackFideId "14403803"]
[BlackTitle "GM"]
[WhiteCountry "POR"]
[BlackCountry "BIH"]
[PlyCount "86"]
[EventDate "2019.??.??"]

1. e4 g6 2. d4 Bg7 3. Nc3 a6 4. Be3 d6 5. f3 b5 6. Qd2 Nd7 7. g4 Bb7 8. h4 h5 9.
g5 e6 10. O-O-O Ne7 11. a3 Rc8 12. Nge2 O-O 13. Kb1 Nb6 14. Ng3 d5 15. Rh2 Qd7
16. f4 dxe4 17. Ngxe4 Bxe4 18. Nxe4 Nbd5 19. Nc5 Qd6 20. Bh3 Rb8 21. c3 a5 22.
Rf2 b4 23. axb4 axb4 24. c4 Nc3+ 25. Kc2 Nxd1 26. Qxd1 Rfd8 27. Rd2 b3+ 28. Kb1
Rb4 29. Qc1 Qb6 30. Qc3 Rb8 31. Rd3 Qa7 32. Kc1 Qa1+ 33. Kd2 Nc6 34. Nd7 Ra8 35.
Ke2 Qh1 36. Bf2 Qe4+ 37. Kd2 Qxf4+ 38. Ke2 Qe4+ 39. Kd2 Rd8 40. Nf6+ Bxf6 41.
gxf6 e5 42. d5 Rxc4 43. dxc6 Rxd3+ 0-1

[Event "Open Portugal 2019"]
[Site "Lisboa POR"]
[Date "2019.02.02"]
[Round "1.9"]
[White "Annaberdiev, Meilis"]
[Black "Thibault, Pierre-Olivier"]
[Result "1-0"]
[WhiteElo "2522"]
[BlackElo "1994"]
[WhiteFideId "14000563"]
[BlackFideId "20606184"]
[WhiteTitle "IM"]
[WhiteCountry "TKM"]
[BlackCountry "FRA"]
[PlyCount "75"]
[EventDate "2019.??.??"]

1. e4 c5 2. Nf3 d6 3. Bb5+ Nd7 4. d4 Ngf6 5. Nc3 cxd4 6. Qxd4 e5 7. Qd3 h6 8. a4
a6 9. Bc4 Qc7 10. Be3 Nc5 11. Bxc5 Qxc5 12. O-O Bd7 13. b4 Qc7 14. Nd5 Nxd5 15.
Bxd5 Be7 16. a5 Rc8 17. c4 b5 18. axb6 Qxb6 19. c5 dxc5 20. Bxf7+ Kxf7 21. Nxe5+
Kg8 22. Qxd7 Rc7 23. Rxa6 Qxa6 24. Qxc7 Qe6 25. bxc5 Kh7 26. Nf3 Rc8 27. Qb6
Qxe4 28. Re1 Bxc5 29. Qxh6+ Kxh6 30. Rxe4 Bb4 31. g3 Bc3 32. Re6+ Bf6 33. h4 Kh5
34. Kg2 Rc2 35. Rd6 Be7 36. Rd5+ Kh6 37. Nd4 Rc5 38. Nf5+ 1-0

[Event "Open Portugal 2019"]
[Site "Lisboa POR"]
[Date "2019.02.02"]
[Round "1.10"]
[White "Martins, Diogo"]
[Black "Jakubowski, Krzystof"]
[Result "0-1"]
[WhiteElo "1993"]
[BlackElo "2514"]
[WhiteFideId "1926934"]
[BlackFideId "1112848"]
[BlackTitle "GM"]
[WhiteCountry "POR"]
[BlackCountry "POL"]
[PlyCount "68"]
[EventDate "2019.??.??"]

1. e4 c5 2. Nf3 d6 3. d4 cxd4 4. Nxd4 Nf6 5. Nc3 a6 6. Bg5 e6 7. f4 Be7 8. Qf3
Qc7 9. O-O-O Nbd7 10. g4 O-O 11. Bxf6 Bxf6 12. g5 Bxd4 13. Rxd4 b5 14. Bg2 Rb8
15. Rhd1 Nc5 16. Kb1 Rb6 17. f5 b4 18. Ne2 e5 19. R4d2 a5 20. f6 g6 21. Qg3 a4
22. Qh4 Kh8 23. Bh3 Bb7 24. Bg2 Ba6 25. Bf1 Ne6 26. Qh6 Rg8 27. Rd3 Bxd3 28.
Rxd3 Nf8 29. Qh3 Qc5 30. Nc1 Rc6 31. c3 a3 32. Nb3 Qf2 33. Rd2 Qe1+ 34. Kc2 axb2
0-1

[Event "Open Portugal 2019"]
[Site "Lisboa POR"]
[Date "2019.02.02"]
[Round "1.12"]
[White "Kocian, Miroslav"]
[Black "Spraggett, Kevin"]
[Result "0-1"]
[WhiteElo "1992"]
[BlackElo "2513"]
[WhiteFideId "303577"]
[BlackFideId "2600013"]
[BlackTitle "GM"]
[WhiteCountry "CZE"]
[BlackCountry "CAN"]
[PlyCount "110"]
[EventDate "2019.??.??"]

1. e4 c6 2. d4 d5 3. exd5 cxd5 4. c4 Nf6 5. Nc3 e6 6. Nf3 Bb4 7. Qb3 Nc6 8. a3
Ba5 9. Bg5 h6 10. Bxf6 Qxf6 11. cxd5 exd5 12. Bb5 O-O 13. O-O Nxd4 14. Nxd4 Qxd4
15. Rad1 Qh4 16. Nxd5 Be6 17. Qa4 Qxa4 18. Bxa4 Rfd8 19. Ne3 Bd2 20. Bc2 Rac8
21. Be4 Bb3 22. Rb1 b6 23. Nf5 Kf8 24. f4 g6 25. Ng3 f5 26. Bb7 Rc7 27. Ba6 Bc2
28. Ra1 Be3+ 29. Kh1 Bd4 30. h4 h5 31. Kh2 Bxb2 32. Ra2 Bf6 33. Rc1 Rd2 34. Ne2
Rc5 35. a4 Bxh4 36. Bb5 Bf6 37. Kg1 h4 38. Kf1 Rd1+ 39. Rxd1 Bxd1 40. Rd2 a6 41.
Bxa6 Bxa4 42. Rd6 Rc6 43. Rd2 b5 44. Bb7 Rc7 45. Bd5 Rd7 46. Ke1 b4 47. Ra2 Rxd5
48. Rxa4 b3 49. Ra6 Kg7 50. Ra7+ Kh6 51. Rb7 b2 52. Rb6 Bg7 53. Rb7 Ra5 54. Kd2
Ra1 55. Kc2 Re1 0-1

[Event "Open Portugal 2019"]
[Site "Lisboa POR"]
[Date "2019.02.02"]
[Round "1.13"]
[White "Dvirnyy, Danyyil"]
[Black "Rionda Medio, Ángel"]
[Result "1-0"]
[WhiteElo "2487"]
[BlackElo "1992"]
[WhiteFideId "817570"]
[BlackFideId "2238934"]
[WhiteTitle "GM"]
[WhiteCountry "ITA"]
[BlackCountry "ESP"]
[PlyCount "61"]
[EventDate "2019.??.??"]

1. e4 e6 2. d4 d5 3. Nc3 Bb4 4. e5 c5 5. a3 Bxc3+ 6. bxc3 Qa5 7. Bd2 c4 8. Qg4
Kf8 9. h4 Bd7 10. Rh3 Ne7 11. h5 Qa4 12. h6 g6 13. Kd1 Nbc6 14. Bg5 Nf5 15. Qf4
b5 16. g4 b4 17. gxf5 gxf5 18. cxb4 Rb8 19. Rb1 a5 20. Bf6 Rg8 21. Bg7+ Ke8 22.
b5 Rxb5 23. Rxb5 Qxb5 24. Nf3 Qb2 25. Qc1 Qc3 26. Rg3 Ne7 27. Ng5 Qxd4+ 28. Ke1
f4 29. c3 Qc5 30. Rg4 Nf5 31. Nxh7 1-0

[Event "Open Portugal 2019"]
[Site "Lisboa POR"]
[Date "2019.02.02"]
[Round "1.14"]
[White "Bouton, Christophe"]
[Black "Iniyan, P."]
[Result "0-1"]
[WhiteElo "1988"]
[BlackElo "2480"]
[WhiteFideId "603813"]
[BlackFideId "25002767"]
[BlackTitle "IM"]
[WhiteCountry "FRA"]
[BlackCountry "IND"]
[PlyCount "86"]
[EventDate "2019.??.??"]

1. d4 Nf6 2. Nf3 g6 3. c4 Bg7 4. Nc3 O-O 5. e4 d6 6. Be2 Nbd7 7. O-O e5 8. d5
Nc5 9. Qc2 a5 10. Bg5 h6 11. Bh4 g5 12. Bg3 Nh5 13. Nd2 g4 14. Nb3 b6 15. Nxc5
bxc5 16. Qd1 Qg5 17. h4 Qg6 18. Nb5 Rb8 19. Bd3 Nf4 20. a4 Nxd3 21. Qxd3 f5 22.
exf5 Bxf5 23. Qd2 Bd3 24. b3 Bxf1 25. Rxf1 Rf7 26. Qxa5 Qd3 27. Nxc7 e4 28. Ne6
e3 29. Nxg7 Kxg7 30. Bxd6 exf2+ 31. Rxf2 Rxf2 32. Qc7+ Kg6 33. Kxf2 Qd2+ 34. Kf1
Qc1+ 35. Kf2 g3+ 36. Kxg3 Qe1+ 37. Kh2 Qxh4+ 38. Kg1 Rxb3 39. g3 Rb1+ 40. Kf2
Qh2+ 41. Ke3 Rb3+ 42. Ke4 Qe2+ 43. Kf4 Qf3+ 0-1

[Event "Open Portugal 2019"]
[Site "Lisboa POR"]
[Date "2019.02.02"]
[Round "1.15"]
[White "Bilgüün, Sumiya"]
[Black "Fidalgo, Daniel"]
[Result "1-0"]
[WhiteElo "2471"]
[BlackElo "1981"]
[WhiteFideId "4901541"]
[BlackFideId "1934279"]
[WhiteTitle "IM"]
[WhiteCountry "MGL"]
[BlackCountry "POR"]
[PlyCount "63"]
[EventDate "2019.??.??"]

1. e4 e6 2. d4 d5 3. Nd2 Nf6 4. e5 Nfd7 5. c3 c5 6. f4 Nc6 7. Ndf3 Qb6 8. g3
cxd4 9. cxd4 Be7 10. Ne2 O-O 11. Bh3 f6 12. Bxe6+ Kh8 13. exf6 Nxf6 14. Bxc8
Raxc8 15. O-O Ne4 16. Kg2 Bf6 17. Rb1 Qa6 18. a3 Na5 19. Be3 Nc4 20. Bg1 Rfe8
21. Re1 Qb6 22. Nc3 Nxc3 23. bxc3 Qa6 24. Ne5 Nxa3 25. Ra1 Qb6 26. Qa4 Nb5 27.
c4 Nd6 28. Nf7+ Kg8 29. Nxd6 Rxe1 30. Qd7 Rxa1 31. Qxc8+ Qd8 32. Qe6+ 1-0

[Event "Open Portugal 2019"]
[Site "Lisboa POR"]
[Date "2019.02.02"]
[Round "1.16"]
[White "Mendes, Modeste"]
[Black "Miezis, Normunds"]
[Result "0-1"]
[WhiteElo "1981"]
[BlackElo "2467"]
[WhiteFideId "1925920"]
[BlackFideId "11600136"]
[BlackTitle "GM"]
[WhiteCountry "POR"]
[BlackCountry "LAT"]
[PlyCount "126"]
[EventDate "2019.??.??"]

1. d4 Nf6 2. Nf3 e6 3. c4 Bb4+ 4. Bd2 c5 5. a3 Bxd2+ 6. Nbxd2 d6 7. e3 O-O 8.
Bd3 Qe7 9. O-O e5 10. Qc2 Re8 11. Ne4 Nbd7 12. dxc5 dxc5 13. Rfd1 Nxe4 14. Bxe4
Nf6 15. h3 g6 16. Bd5 e4 17. Nd2 Qe5 18. Nf1 Rb8 19. Ng3 Re7 20. b4 b6 21. Rab1
cxb4 22. axb4 Kg7 23. Rd4 Bf5 24. Rbd1 Rc8 25. Ne2 h5 26. R4d2 h4 27. Nd4 Bxh3
28. gxh3 Nxd5 29. Qb3 Nf6 30. Kg2 Qh5 31. Kh2 Nh7 32. Ne2 Qe5+ 33. Kg2 Rec7 34.
Rd4 Qg5+ 35. Kh2 Nf6 36. Nf4 Kh7 37. Qa2 Qf5 38. Qe2 Qe5 39. Kh1 Rc6 40. Rg1 Qf5
41. Kh2 a5 42. bxa5 bxa5 43. Qa2 g5 44. Nd5 Nd7 45. Qc2 Ne5 46. Rxe4 Nf3+ 47.
Kg2 Re8 48. Rxe8 Qxc2 49. Kxf3 Qf5+ 50. Kg2 Rxc4 51. e4 Qg6 52. Re1 Rd4 53. Ne7
Qe6 54. Nf5 Qxe8 55. Nxd4 a4 56. Nf3 Kg6 57. Re3 Qe7 58. Nd4 Qc5 59. Ne2 a3 60.
Rc3 Qb4 61. Rc6+ Kg7 62. Kf3 a2 63. Ra6 Qb2 0-1

[Event "Open Portugal 2019"]
[Site "Lisboa POR"]
[Date "2019.02.02"]
[Round "1.18"]
[White "Pipiras, Filipa"]
[Black "Butkiewicz, Lukasz"]
[Result "0-1"]
[WhiteElo "1964"]
[BlackElo "2445"]
[WhiteFideId "1944894"]
[BlackFideId "1122428"]
[BlackTitle "IM"]
[WhiteCountry "POR"]
[BlackCountry "POL"]
[PlyCount "106"]
[EventDate "2019.??.??"]

1. d4 Nf6 2. c4 e6 3. Nf3 c5 4. d5 b5 5. e3 exd5 6. cxd5 Bb7 7. Bxb5 Nxd5 8. O-O
Be7 9. Bd2 O-O 10. Nc3 Nf6 11. Qe2 d5 12. Rfd1 a6 13. Ba4 Nbd7 14. Be1 Nb6 15.
Bc2 Qc7 16. Rac1 Rfe8 17. Na4 Nxa4 18. Bxa4 Red8 19. Bc3 Ne4 20. Be5 Qb6 21. Nd2
Nf6 22. Nf3 Rac8 23. Bc2 Qe6 24. Bb3 Ne4 25. Bf4 g5 26. Bg3 h5 27. h3 Nxg3 28.
fxg3 Bf6 29. Qf2 Qe7 30. Re1 Rd6 31. Rb1 Re6 32. Rbd1 Rd8 33. Re2 c4 34. Bc2 d4
35. Bf5 Rxe3 36. Rxe3 Qxe3 37. Qxe3 dxe3 38. Rxd8+ Bxd8 39. Kf1 Kg7 40. Ke2 Kf6
41. Bd7 Bb6 42. h4 g4 43. Ne1 Ke5 44. Be8 Be4 45. Bxf7 Kd4 46. Kd1 Bd3 47. Nc2+
Ke5 48. Nb4 e2+ 49. Ke1 Bg1 50. Nc2 Bh2 51. Kd2 Bxg3 52. Ne1 Kd4 53. Bxh5 Bf4#
0-1

[Event "Open Portugal 2019"]
[Site "Lisboa POR"]
[Date "2019.02.02"]
[Round "1.19"]
[White "Yankelevich, Lev"]
[Black "Archambault, Serge"]
[Result "1-0"]
[WhiteElo "2445"]
[BlackElo "1959"]
[WhiteFideId "24684074"]
[BlackFideId "2604108"]
[WhiteTitle "IM"]
[WhiteCountry "GER"]
[BlackCountry "CAN"]
[PlyCount "31"]
[EventDate "2019.??.??"]

1. d4 e6 2. e4 d5 3. Nd2 c6 4. Ngf3 Nf6 5. Bd3 Na6 6. c3 Be7 7. e5 Nd7 8. Nf1
Nf8 9. Ng3 g6 10. Bh6 Bd7 11. h4 Rg8 12. Ng5 Bxg5 13. Bxg5 Qb6 14. b4 Nc7 15.
Qf3 a5 16. Qf6 1-0

[Event "Open Portugal 2019"]
[Site "Lisboa POR"]
[Date "2019.02.02"]
[Round "1.21"]
[White "Srinath, Rao S. V."]
[Black "Barbier, Astrid"]
[Result "1-0"]
[WhiteElo "2437"]
[BlackElo "1945"]
[WhiteFideId "5028876"]
[BlackFideId "200395"]
[WhiteTitle "FM"]
[WhiteCountry "IND"]
[BlackCountry "BEL"]
[PlyCount "107"]
[EventDate "2019.??.??"]

1. e4 c5 2. c3 g6 3. d4 cxd4 4. cxd4 d5 5. e5 Bg7 6. Nc3 Nh6 7. h3 O-O 8. g4 Nc6
9. f4 f6 10. Bg2 Be6 11. Nf3 Kh8 12. O-O fxe5 13. fxe5 Bg8 14. Be3 e6 15. Qd2
Nf7 16. h4 h6 17. Ne2 Bh7 18. Nf4 Qd7 19. h5 gxh5 20. Nxh5 Rg8 21. Nh2 Qe7 22.
Nf6 Bxf6 23. Rxf6 h5 24. Raf1 Rg7 25. Qf2 Ng5 26. Bxg5 Rxg5 27. Rf7 Qd8 28. Qh4
Qg8 29. Rxb7 Rg7 30. Qf6 Rb8 31. Rxb8 Nxb8 32. Rf4 Nd7 33. Qh4 Rg5 34. Kf2 hxg4
35. Nxg4 Qg6 36. Bf3 Kg7 37. Ne3 Kg8 38. Rg4 Rxg4 39. Qd8+ Nf8 40. Nxg4 Kg7 41.
b4 Qc2+ 42. Kg3 Qg6 43. b5 Qf7 44. a4 Bd3 45. Nf6 Qg6+ 46. Bg4 Bf5 47. Qe7+ Qf7
48. Ne8+ Kg8 49. Qxf7+ Kxf7 50. Nd6+ Kg6 51. Nc8 Nd7 52. a5 Kf7 53. Nxa7 Bd3 54.
Nc8 1-0

[Event "Open Portugal 2019"]
[Site "Lisboa POR"]
[Date "2019.02.02"]
[Round "1.22"]
[White "Ladisic, Alex-Sacha"]
[Black "Korley, Kassa"]
[Result "0-1"]
[WhiteElo "1934"]
[BlackElo "2426"]
[WhiteFideId "610631"]
[BlackFideId "2033801"]
[BlackTitle "IM"]
[WhiteCountry "FRA"]
[BlackCountry "DEN"]
[PlyCount "77"]
[EventDate "2019.??.??"]

1. e4 c6 2. d4 d5 3. e5 Bf5 4. Nf3 e6 5. Be2 Nd7 6. O-O Bg6 7. a4 Rc8 8. a5 a6
9. Bd2 c5 10. c3 Nh6 11. dxc5 Bxc5 12. b4 Be7 13. b5 axb5 14. Na3 O-O 15. Nxb5
Nc5 16. Nfd4 Nf5 17. f4 Ne4 18. g4 Nxd4 19. Nxd4 Nxd2 20. Qxd2 Be4 21. a6 bxa6
22. Bxa6 Rb8 23. Bd3 Bc5 24. Bxe4 dxe4 25. Kg2 Qd5 26. Kg3 Rfd8 27. Ra4 h6 28.
h4 Rdc8 29. Re1 Ra8 30. Rxa8 Qxa8 31. Qe3 Qa3 32. Kg2 Bxd4 33. cxd4 Rc2+ 34. Kf1
Rc3 35. Qxe4 Rf3+ 36. Ke2 Rh3 37. Rb1 Qa2+ 38. Kf1 Qxb1+ 39. Qxb1 0-1

[Event "Open Portugal 2019"]
[Site "Lisboa POR"]
[Date "2019.02.02"]
[Round "1.23"]
[White "Thórhallsson, Thröstur"]
[Black "Candeias, Humberto"]
[Result "1-0"]
[WhiteElo "2425"]
[BlackElo "1932"]
[WhiteFideId "2300109"]
[BlackFideId "1903454"]
[WhiteTitle "GM"]
[WhiteCountry "ISL"]
[BlackCountry "POR"]
[PlyCount "58"]
[EventDate "2019.??.??"]

1. e4 e5 2. Nf3 Nc6 3. Bc4 Nf6 4. d3 Bc5 5. c3 d6 6. h3 a6 7. Bb3 h6 8. O-O O-O
9. Re1 Be6 10. Bc2 Ba7 11. Nbd2 Re8 12. Nf1 Qd7 13. Be3 Bxh3 14. gxh3 Qxh3 15.
N3h2 Re6 16. Qf3 Qh4 17. Bxa7 Nh5 18. Bd1 Rg6+ 19. Kh1 Nxa7 20. Qxh5 Qxf2 21.
Bg4 Rg5 22. Qh3 h5 23. Qf3 Qxb2 24. Bh3 Nc6 25. Ne3 Qxc3 26. Nd5 Qb2 27. Rg1 Nd4
28. Qe3 Rxg1+ 29. Rxg1 Re8 1-0

[Event "Open Portugal 2019"]
[Site "Lisboa POR"]
[Date "2019.02.02"]
[Round "1.24"]
[White "Moretti, Filippo"]
[Black "Campora, Daniel"]
[Result "0-1"]
[WhiteElo "1928"]
[BlackElo "2419"]
[WhiteFideId "2805001"]
[BlackFideId "100013"]
[BlackTitle "GM"]
[WhiteCountry "ITA"]
[BlackCountry "ARG"]
[PlyCount "58"]
[EventDate "2019.??.??"]

1. e4 e5 2. Nf3 Nc6 3. d4 exd4 4. Nxd4 Bb4+ 5. c3 Bc5 6. Be3 Bb6 7. Nd2 Nf6 8.
Bd3 Ne5 9. Qe2 O-O 10. O-O Re8 11. Bc2 d5 12. f4 Neg4 13. e5 c5 14. N4b3 Nxe3
15. Qxe3 d4 16. cxd4 cxd4 17. Qd3 g6 18. exf6 Bf5 19. Qg3 d3+ 20. Kh1 dxc2 21.
Nf3 Qxf6 22. Nh4 Re3 23. Qg5 Qxg5 24. fxg5 Bd3 25. Rfc1 Rd8 26. Nf3 Re2 27. Re1
Be3 28. Ne5 Rxe1+ 29. Rxe1 Be2 0-1

[Event "Open Portugal 2019"]
[Site "Lisboa POR"]
[Date "2019.02.02"]
[Round "1.25"]
[White "Alshameary Puente, Ismael"]
[Black "Woithe, Daniel"]
[Result "1-0"]
[WhiteElo "2418"]
[BlackElo "1921"]
[WhiteFideId "2225166"]
[BlackFideId "16244648"]
[WhiteTitle "FM"]
[WhiteCountry "ESP"]
[BlackCountry "GER"]
[PlyCount "89"]
[EventDate "2019.??.??"]

1. d4 d5 2. c4 e6 3. Nc3 Nf6 4. cxd5 exd5 5. Bg5 Be7 6. e3 c6 7. Bd3 Nbd7 8. Nf3
O-O 9. Qc2 Re8 10. O-O Nf8 11. h3 Ng6 12. Bxf6 Bxf6 13. b4 a6 14. a4 Be6 15. b5
axb5 16. axb5 Qd7 17. Na4 Bxh3 18. Nh2 Rxa4 19. Rxa4 Be6 20. bxc6 bxc6 21. Ra6
Ne7 22. Bxh7+ Kh8 23. Bd3 g6 24. Rb1 Kg7 25. Qc5 Bf5 26. Qc2 Bxd3 27. Qxd3 Rh8
28. Qc2 Qd6 29. Nf1 Qe6 30. Qd1 Bh4 31. Qf3 Rh5 32. g3 Bf6 33. Nd2 Qh3 34. Qg2
Qg4 35. Qf3 Qh3 36. Rb7 Qh2+ 37. Kf1 Rf5 38. Qg2 Qh6 39. Nf3 Rh5 40. g4 Rh1+ 41.
Ke2 g5 42. Raa7 Qh7 43. Nd2 Rc1 44. e4 Rc3 45. Rxe7 1-0

[Event "Open Portugal 2019"]
[Site "Lisboa POR"]
[Date "2019.02.02"]
[Round "1.27"]
[White "Haug, Johannes"]
[Black "Marques, Ricardo T T"]
[Result "1-0"]
[WhiteElo "2403"]
[BlackElo "1911"]
[WhiteFideId "1509268"]
[BlackFideId "1949438"]
[WhiteTitle "FM"]
[WhiteCountry "NOR"]
[BlackCountry "POR"]
[PlyCount "85"]
[EventDate "2019.??.??"]

1. d4 Nf6 2. c4 g6 3. g3 Bg7 4. Bg2 d5 5. cxd5 Nxd5 6. Nf3 O-O 7. O-O Nb6 8. Nc3
Na6 9. e4 Bg4 10. d5 Qd7 11. Qb3 Nc5 12. Qc2 Bxc3 13. bxc3 Qa4 14. Nd4 Qxc2 15.
Nxc2 Nca4 16. Nd4 Nxc3 17. Ba3 Rac8 18. Rfc1 Ne2+ 19. Nxe2 Bxe2 20. Bxe7 Rfe8
21. Bf6 Bb5 22. Bd4 Nc4 23. Rab1 Ba6 24. Rd1 b6 25. Bf6 Ne5 26. Bxe5 Rxe5 27. f4
Re7 28. Rbc1 Rd8 29. Rc3 c5 30. e5 Be2 31. Rd2 Bg4 32. d6 Ree8 33. Ra3 a5 34.
Rb3 Rb8 35. Rdb2 Be6 36. Rxb6 Rxb6 37. Rxb6 Bxa2 38. Rc6 Rb8 39. Bh3 Kf8 40. d7
Ke7 41. Rc8 Rb1+ 42. Kf2 Rd1 43. Re8# 1-0